00594nam a2200121 a 450000100100000000500170001000800410002704000250006808200150009324502840010826000620039230000180045400002902020200930055259.0110413s1959 dr r 000 0 spa d aDO-SdBNPbspacBNPHU axxxxbxxxx00aMensaje que los profesionales universitarios dominicanos dirigen a su excelencia el genaralísimo Dr. Rafael Leonidas Trujillo Molina, benefactor de la patria y padre de la patria nueva, con ocación del homenaje nacional que dicha clase rinde al líderdel pueblo dominicano/. aCiudad Trujillo, República Dominicana :b[s.n.],c1959. a57 P.a23 cm.